[Event "FB23 2223 SG Augsburg 1873 - SC Bavaria"]
[Site "?"]
[Date "2022.10.16"]
[Round "2.5"]
[White "Prinzen, Siri Marleen"]
[Black "Todorova, Kalina"]
[Result "1/2-1/2"]
[WhiteElo "1719"]
[BlackElo "1792"]
[PlyCount "87"]
[EventDate "2022.??.??"]

1. d4 Nf6 2. Bf4 e6 3. e3 b6 4. Nf3 Bb7 5. Be2 Be7 6. c4 O-O 7. Nc3 Ne4 8. Nxe4 Bxe4 9. O-O f5 10. h3 d6 11. Nd2 Bb7 12. Bf3 Bxf3 13. Qxf3 Nd7 14. Rad1 g5 15. Bh2 Qe8 16. Qc6 Rc8 17. a4 a5 18. b3 Bf6 19. Nb1 e5 20. dxe5 Nxe5 21. Qxe8 Rcxe8 22. Na3 Nf7 23. Nb5 Re7 24. Na7 Rfe8 25. Nc6 Re6 26. Rd5 Ne5 27. Bxe5 dxe5 28. Na7 Ra8 29. Nb5 c6 30. Nc7 cxd5 31. Nxe6 dxc4 32. Nc7 Rc8 33. Nd5 Bd8 34. Rc1 c3 35. Rxc3 Rxc3 36. Nxc3 Be7 37. Kf1 Kf7 38. f3 Bc5 39. Ke2 h5 40. g4 hxg4 41. hxg4 Ke6 42. e4 fxe4 43. fxe4 Kd6 44. Nb5+ 1/2-1/2

[Event "FB23 2223 SG Augsburg 1873 - SC Bavaria"]
[Site "?"]
[Date "2022.10.16"]
[Round "2.6"]
[White "Schaefer, Ann-Kathrin"]
[Black "Wetzler, Sophia"]
[Result "0-1"]
[WhiteElo "1689"]
[BlackElo "1682"]
[PlyCount "62"]
[EventDate "2022.??.??"]

1. d4 d5 2. Nf3 Nf6 3. e3 e6 4. Bd3 Be7 5. O-O O-O 6. b3 b6 7. Bb2 Bb7 8. Nbd2 c5 9. Re1 Nc6 10. c4 Nb4 11. Bb1 Qc7 12. e4 dxe4 13. Nxe4 cxd4 14. Nxd4 Rad8 15. Nxf6+ Bxf6 16. Qg4 Nc6 17. Re3 Bxd4 18. Bxh7+ Kxh7 19. Bxd4 Nxd4 20. Qh5+ Kg8 21. Rh3 f6 22. Re1 Qc6 23. f3 Qc5 24. Qxc5 bxc5 25. f4 Kf7 26. Kf2 Rh8 27. Rxh8 Rxh8 28. h3 Rd8 29. g4 Nf3 30. Re2 Rd2 31. Rxd2 Nxd2 0-1

[Event "FB23 2223 SV Stuttgart-Wolfbusch - SC N"]
[Site "?"]
[Date "2022.10.16"]
[Round "2.1"]
[White "Birkholz, Olga"]
[Black "Li, Zhuoling"]
[Result "0-1"]
[WhiteElo "2034"]
[BlackElo "2175"]
[PlyCount "84"]
[EventDate "2022.??.??"]

1. d4 Nf6 2. Nf3 d5 3. c4 g6 4. Nc3 Bg7 5. h4 h5 6. Bf4 O-O 7. Qb3 c6 8. e3 e6 9. Be2 Nbd7 10. O-O Nb6 11. c5 Nbd7 12. Qc2 Ng4 13. Bd6 Re8 14. g3 e5 15. b4 exd4 16. exd4 Nf8 17. Bd3 Qf6 18. Kg2 Ne6 19. Ne2 a6 20. a4 Bd7 21. Rab1 Bf8 22. Ne5 Nxd4 23. Nxd4 Nxe5 24. Bxe5 Qxe5 25. Nf3 Qf6 26. Ng5 Bg7 27. Rb3 Re7 28. f4 Rae8 29. Rf2 Bf5 30. Nf3 Bxd3 31. Qxd3 d4 32. Ne5 Qe6 33. Nc4 Qd5+ 34. Rf3 Re2+ 35. Kf1 Re1+ 36. Kf2 R8e2+ 37. Qxe2 Rxe2+ 38. Kxe2 Qxc4+ 39. Rfd3 a5 40. bxa5 Qxc5 41. Rxb7 Qxa5 42. Rb8+ Kh7 0-1

[Event "FB23 2223 SV Stuttgart-Wolfbusch - SC N"]
[Site "?"]
[Date "2022.10.16"]
[Round "2.2"]
[White "Froehlich, Franziska"]
[Black "Albayrak, Nese Pinar"]
[Result "1-0"]
[WhiteElo "1898"]
[BlackElo "1748"]
[PlyCount "91"]
[EventDate "2022.??.??"]

1. e4 e5 2. Nf3 Nc6 3. Bb5 a6 4. Ba4 Nf6 5. O-O b5 6. Bb3 Be7 7. Re1 O-O 8. a4 b4 9. d3 d6 10. Nbd2 Na5 11. Ba2 Be6 12. Bxe6 fxe6 13. d4 Nc6 14. dxe5 dxe5 15. Qe2 Bd6 16. Nc4 h6 17. b3 Nh5 18. Nxd6 Qxd6 19. Rd1 Qe7 20. Nxe5 Nxe5 21. Qxh5 Qf6 22. Be3 Rad8 23. Rxd8 Rxd8 24. Rd1 Rd6 25. Qe2 Qg6 26. f3 h5 27. Bc5 Rc6 28. Bxb4 h4 29. h3 Qg3 30. Be1 Qg5 31. Kh1 Ng6 32. Qd2 Qh5 33. Bf2 Rd6 34. Qe1 Rc6 35. Rd8+ Kh7 36. Qd2 Ne5 37. Be3 Nxf3 38. Qd1 Qe5 39. Qxf3 Rxc2 40. Bf4 Qa1+ 41. Kh2 Rc5 42. e5 Rxe5 43. Bxe5 Qxe5+ 44. Kg1 Qc5+ 45. Kh1 Qc1+ 46. Qd1 1-0

[Event "FB23 2223 SV Stuttgart-Wolfbusch - SC N"]
[Site "?"]
[Date "2022.10.16"]
[Round "2.3"]
[White "Albayrak, Berrak"]
[Black "Kobald, Jacqueline"]
[Result "1-0"]
[WhiteElo "1626"]
[BlackElo "1996"]
[PlyCount "83"]
[EventDate "2022.??.??"]

1. e4 c5 2. Nf3 e6 3. d3 Nc6 4. g3 d6 5. Bg2 g6 6. Nbd2 Bg7 7. O-O Nge7 8. Re1 O-O 9. h4 h6 10. c3 Rb8 11. a4 a6 12. Nf1 d5 13. e5 d4 14. cxd4 Nxd4 15. Nxd4 cxd4 16. h5 g5 17. f4 gxf4 18. Bxf4 Nd5 19. Bd2 b5 20. Qg4 Kh8 21. Qxd4 Nb6 22. Qxd8 Rxd8 23. axb5 axb5 24. Ba5 Bd7 25. Nh2 f6 26. exf6 Bxf6 27. Bc3 Bxc3 28. bxc3 Rbc8 29. Rac1 Rc5 30. c4 bxc4 31. dxc4 Rdc8 32. Bh3 Nxc4 33. Bxe6 Nb6 34. Rxc5 Rxc5 35. Bxd7 Nxd7 36. Re8+ Kg7 37. Re7+ Kf6 38. Rxd7 Rxh5 39. Rd6+ Kg7 40. Kg2 Kh7 41. Ng4 Kg7 42. Rc6 1-0

[Event "FB23 2223 SV Stuttgart-Wolfbusch - SC N"]
[Site "?"]
[Date "2022.10.16"]
[Round "2.4"]
[White "Erben, Larissa"]
[Black "Loebel, Petra"]
[Result "1-0"]
[WhiteElo "1960"]
[BlackElo "1849"]
[PlyCount "59"]
[EventDate "2022.??.??"]

1. e4 e6 2. d4 d5 3. exd5 exd5 4. Nf3 Bg4 5. h3 Bh5 6. c4 Bb4+ 7. Nc3 Nc6 8. g4 Bg6 9. Be2 Qd7 10. O-O Bxc3 11. bxc3 Nge7 12. cxd5 Qxd5 13. c4 Qd6 14. d5 Ne5 15. Nd4 Nd7 16. Nb5 Qe5 17. d6 Nc6 18. Nxc7+ Kf8 19. Nxa8 Qxa1 20. Qb3 Nc5 21. Qe3 Qd4 22. Rd1 Qxe3 23. Bxe3 Nd7 24. Nc7 h5 25. g5 h4 26. Bg4 Nce5 27. Bxd7 Nxd7 28. Bxa7 Bf5 29. Re1 g6 30. Re8+ 1-0

[Event "FB23 2223 SV Stuttgart-Wolfbusch - SC N"]
[Site "?"]
[Date "2022.10.16"]
[Round "2.5"]
[White "Stark, Amalia"]
[Black "Gassmann, Linda"]
[Result "1-0"]
[WhiteElo "1380"]
[BlackElo "1893"]
[PlyCount "113"]
[EventDate "2022.??.??"]

1. Nf3 d5 2. g3 g6 3. Bg2 Bg7 4. d3 Nf6 5. Bg5 O-O 6. c3 Nbd7 7. h4 h5 8. Qd2 c6 9. O-O e5 10. Nh2 Qc7 11. e4 dxe4 12. dxe4 Nc5 13. Qe2 b6 14. Rd1 Ne6 15. Be3 Bb7 16. c4 Rad8 17. Nc3 Nd4 18. Bxd4 exd4 19. e5 dxc3 20. exf6 Bxf6 21. bxc3 Bxc3 22. Rac1 Bg7 23. Nf3 c5 24. Qc2 Rxd1+ 25. Rxd1 Rd8 26. Re1 Qd7 27. Qe2 Bxf3 28. Bxf3 Qd2 29. Qe7 Bf8 30. Qe5 Bd6 31. Qa1 Qd4 32. Qc1 Bxg3 33. Qc2 Bc7 34. Re4 Qd6 35. Bg2 Qd1+ 36. Qxd1 Rxd1+ 37. Bf1 Rd4 38. Re8+ Kg7 39. Re7 Bd8 40. Rxa7 Bxh4 41. a4 Rf4 42. Rb7 Bxf2+ 43. Kg2 Rf6 44. Bd3 Bd4 45. Be4 Bc3 46. Bd5 Ba5 47. Re7 g5 48. Re5 Bd2 49. Re2 Bc3 50. Kg3 Rf5 51. Re7 Be5+ 52. Kh3 g4+ 53. Kg2 Bd4 54. Rb7 Rf6 55. Kg3 Bf2+ 56. Kh2 h4 57. Re7 1-0

[Event "FB23 2223 SV Stuttgart-Wolfbusch - SC N"]
[Site "?"]
[Date "2022.10.16"]
[Round "2.6"]
[White "Haecker, Gabriele"]
[Black "Albayrak, Aylin"]
[Result "1-0"]
[WhiteElo "1962"]
[BlackElo "1652"]
[PlyCount "67"]
[EventDate "2022.??.??"]

1. e4 e6 2. d4 d5 3. exd5 exd5 4. Nf3 Nf6 5. Bg5 Be7 6. Bd3 O-O 7. O-O Bg4 8. h3 Bh5 9. Nbd2 Nbd7 10. c3 Re8 11. Qc2 Rc8 12. Rfe1 Nf8 13. Re3 Bg6 14. Rae1 Bxd3 15. Qxd3 Qd6 16. Ne5 Ne6 17. Bxf6 Bxf6 18. Ndf3 Rf8 19. Qf5 c5 20. Ng4 Bd8 21. Re5 cxd4 22. Nxd4 g6 23. Qd3 Nc5 24. Qd1 a6 25. Nf3 Qb6 26. Rxd5 Qxb2 27. Qd4 f6 28. Rxc5 Rxc5 29. Qxc5 Qxa2 30. Rd1 Qe6 31. Rd6 Qe7 32. Qd5+ Kh8 33. Rd7 Qe8 34. Qxb7 1-0

[Event "FB23 2223 SK Freiburg-Zähringen 1887 -"]
[Site "?"]
[Date "2022.10.16"]
[Round "2.1"]
[White "Sinitsina, Anastassia"]
[Black "Paddock, Silvia"]
[Result "1/2-1/2"]
[WhiteElo "2192"]
[BlackElo "2174"]
[PlyCount "84"]
[EventDate "2022.??.??"]

1. e4 c5 2. Nc3 d6 3. Nf3 Nf6 4. d4 cxd4 5. Nxd4 a6 6. Bg5 e6 7. f4 Qb6 8. a3 Nc6 9. Nb3 Be7 10. Qd2 Qc7 11. O-O-O Bd7 12. Bxf6 gxf6 13. Be2 h5 14. Qe3 b5 15. Kb1 b4 16. axb4 Nxb4 17. Rd4 Rb8 18. Rc4 Qb7 19. Na5 Nxc2 20. Kxc2 Qxb2+ 21. Kd3 d5 22. Rb1 dxc4+ 23. Nxc4 Qxb1+ 24. Nxb1 Rxb1 25. Qa7 Bb5 26. Kc2 Bxc4 27. Bxc4 Rb4 28. Bxa6 Bd6 29. f5 Rg8 30. g3 Rg5 31. Bb5+ Kf8 32. Qd7 Rd4 33. Qc8+ Kg7 34. Be8 Be7 35. Qb7 Kf8 36. Bd7 exf5 37. Bxf5 Rd8 38. Qc7 Ra8 39. Kb2 Rg8 40. h3 Ra3 41. Qb8+ Kg7 42. Qc7 Kf8 1/2-1/2

[Event "FB23 2223 SK Freiburg-Zähringen 1887 -"]
[Site "?"]
[Date "2022.10.16"]
[Round "2.3"]
[White "Krasnopeyeva, Julia"]
[Black "Hund, Barbara"]
[Result "1-0"]
[WhiteElo "1920"]
[BlackElo "2075"]
[PlyCount "79"]
[EventDate "2022.??.??"]

1. e4 e5 2. Nf3 Nc6 3. Bb5 a6 4. Ba4 Nf6 5. d3 d6 6. c3 Be7 7. O-O O-O 8. Re1 b5 9. Bb3 Na5 10. Bc2 c5 11. Nbd2 Bg4 12. h3 Bxf3 13. Qxf3 Nc6 14. Nf1 Nb8 15. Ng3 Re8 16. Nf5 Bf8 17. Qg3 Kh8 18. Bg5 g6 19. Qh4 Nbd7 20. Nh6 Bxh6 21. Qxh6 Qc7 22. Qh4 Ng8 23. Be3 Nf8 24. f4 f6 25. f5 g5 26. Qh5 h6 27. h4 Nh7 28. Kf2 c4 29. Rh1 d5 30. hxg5 hxg5 31. Rh3 Re7 32. Rah1 Rd8 33. d4 exd4 34. Bxd4 Qf4+ 35. Ke2 Rdd7 36. g3 Qc7 37. Qg6 Rg7 38. Bxf6 Ngxf6 39. Qxf6 Kg8 40. Qe6+ 1-0

[Event "FB23 2223 SK Freiburg-Zähringen 1887 -"]
[Site "?"]
[Date "2022.10.16"]
[Round "2.4"]
[White "Ehmann, Johanna"]
[Black "Brandl, Lea Maria"]
[Result "0-1"]
[WhiteElo "1779"]
[BlackElo "1879"]
[PlyCount "74"]
[EventDate "2022.??.??"]

1. e4 c5 2. Nf3 d6 3. d4 cxd4 4. Nxd4 Nf6 5. Nc3 a6 6. f3 e5 7. Nb3 Be6 8. Be3 Be7 9. Qd2 O-O 10. O-O-O Nbd7 11. Kb1 b5 12. g4 b4 13. Nd5 Bxd5 14. exd5 Nb6 15. Qxb4 Nfxd5 16. Bxb6 Nxb6 17. Qe4 a5 18. Bd3 f5 19. gxf5 Bf6 20. Bc4+ Nxc4 21. Qxc4+ Kh8 22. Qd5 Be7 23. Nd2 Rxf5 24. Ne4 a4 25. Qe6 Rxf3 26. Nxd6 Qf8 27. Qxe5 Rb8 28. c3 Rf2 29. Nc4 Bf6 30. Qg3 Rf5 31. Rhf1 Rc5 32. Nd6 Rb6 33. Ne4 Rcb5 34. Nxf6 Rxb2+ 35. Ka1 gxf6 36. Rb1 Qa3 37. Rg1 Qxa2# 0-1

[Event "FB23 2223 SK Freiburg-Zähringen 1887 -"]
[Site "?"]
[Date "2022.10.16"]
[Round "2.5"]
[White "Katte, Isabel"]
[Black "Henninger, Claire"]
[Result "1/2-1/2"]
[WhiteElo "1912"]
[BlackElo "1526"]
[PlyCount "40"]
[EventDate "2022.??.??"]

1. e4 c6 2. d4 d5 3. exd5 cxd5 4. Bd3 Nf6 5. Nf3 Bg4 6. h3 Bxf3 7. Qxf3 e6 8. Nd2 Nc6 9. c3 Bd6 10. Nb3 Qc7 11. Bg5 Be7 12. O-O h6 13. Bf4 Bd6 14. Bxd6 Qxd6 15. a4 O-O 16. Bc2 a5 17. Nc5 b6 18. Nd3 Ne4 19. Rad1 Rab8 20. Rfe1 b5 1/2-1/2

[Event "FB23 2223 Karlsruher SF 1853 - SK 1980 "]
[Site "?"]
[Date "2022.10.16"]
[Round "2.1"]
[White "Lukas, Anne"]
[Black "Georgescu, Lena"]
[Result "1/2-1/2"]
[WhiteElo "2051"]
[BlackElo "2253"]
[PlyCount "86"]
[EventDate "2022.??.??"]

1. Nf3 c5 2. g3 b6 3. Bg2 Bb7 4. O-O Nf6 5. c4 e6 6. Nc3 Be7 7. b3 d6 8. Bb2 a6 9. d4 cxd4 10. Nxd4 Bxg2 11. Kxg2 O-O 12. e3 Qc8 13. Qf3 Ra7 14. Rac1 Rc7 15. Na4 Nbd7 16. Rfd1 Ne5 17. Qe2 Qb7+ 18. f3 Rfc8 19. e4 Bf8 20. Ba3 Re8 21. Nc3 Rcc8 22. f4 Ned7 23. Nf3 e5 24. fxe5 Nxe5 25. Bxd6 Ng6 26. Bxf8 Nxe4 27. Nxe4 Rxe4 28. Qd3 Nxf8 29. Rc2 Rce8 30. Rf2 h6 31. Qd5 Qe7 32. Rdd2 Nh7 33. Qd6 Qb7 34. Qd5 Qe7 35. Qd6 Qb7 36. Qd5 Qc8 37. Qd7 Qxd7 38. Rxd7 Nf6 39. Rd4 Re3 40. Nh4 Ne4 41. Nf5 Re1 42. Nd6 Nxf2 43. Nxe8 Rxe8 1/2-1/2

[Event "FB23 2223 Karlsruher SF 1853 - SK 1980 "]
[Site "?"]
[Date "2022.10.16"]
[Round "2.3"]
[White "Mueller, Manon"]
[Black "Schmidt, Jessica"]
[Result "0-1"]
[WhiteElo "1789"]
[BlackElo "2198"]
[PlyCount "74"]
[EventDate "2022.??.??"]

1. d4 f5 2. c4 Nf6 3. Nc3 e6 4. Bg5 Bb4 5. e3 O-O 6. g3 Bxc3+ 7. bxc3 c5 8. Bxf6 Qxf6 9. Ne2 Nc6 10. Bg2 Qe7 11. O-O d6 12. Rb1 Nd8 13. Qd2 Rb8 14. Rfd1 b6 15. a4 Ba6 16. Qa2 Nb7 17. Bxb7 Rxb7 18. a5 bxa5 19. Rxb7 Qxb7 20. dxc5 dxc5 21. Rd6 Qc8 22. Nf4 Rd8 23. Rxd8+ Qxd8 24. Qa4 Kf7 25. h4 Bb7 26. Qc2 Bf3 27. Nd3 Be4 28. Ne5+ Kf6 29. Ng4+ Ke7 30. Qe2 Bd3 31. Qf3 fxg4 32. Qxg4 Kf7 33. Qh5+ Bg6 34. Qxc5 Qd1+ 35. Kh2 Be4 36. Qc7+ Kg6 37. Kh3 h5 0-1

[Event "FB23 2223 Karlsruher SF 1853 - SK 1980 "]
[Site "?"]
[Date "2022.10.16"]
[Round "2.4"]
[White "Heinatz, Gundula"]
[Black "Tampe, Friederike"]
[Result "1-0"]
[WhiteElo "2148"]
[BlackElo "1592"]
[PlyCount "51"]
[EventDate "2022.??.??"]

1. Nf3 d5 2. g3 Nf6 3. Bg2 c5 4. O-O e6 5. d4 Nc6 6. c4 Be7 7. Nc3 O-O 8. cxd5 Nxd5 9. e4 Nf6 10. d5 exd5 11. e5 Nd7 12. Qxd5 Nb6 13. Qe4 h6 14. Rd1 Qc7 15. Nb5 Qb8 16. Bf4 Be6 17. h4 Rd8 18. Nd6 Bf8 19. Rac1 Bxa2 20. Rxc5 Nc8 21. Qa4 Be6 22. Nd4 Nb6 23. Qc2 Nxe5 24. Nxe6 fxe6 25. Nxb7 Bxc5 26. Rxd8+ 1-0

[Event "FB23 2223 Karlsruher SF 1853 - SK 1980 "]
[Site "?"]
[Date "2022.10.16"]
[Round "2.5"]
[White "Wilke, Tabea"]
[Black "Rubina, Tatiana"]
[Result "0-1"]
[WhiteElo "1730"]
[BlackElo "2009"]
[PlyCount "76"]
[EventDate "2022.??.??"]

1. e4 e6 2. d3 d5 3. Nd2 Nf6 4. Ngf3 c5 5. g3 Nc6 6. Bg2 Be7 7. O-O O-O 8. Re1 Qc7 9. Nf1 Rd8 10. e5 Nd7 11. Bf4 b5 12. h4 a5 13. N1h2 b4 14. h5 Ba6 15. Ng4 a4 16. c3 bxc3 17. bxc3 Qa5 18. Qc2 Rab8 19. Rab1 Nb6 20. Bd2 a3 21. c4 Nb4 22. Bf1 dxc4 23. Bxb4 cxb4 24. dxc4 Rbc8 25. Ne3 Na4 26. Rbd1 Nc3 27. Rxd8+ Rxd8 28. Nd1 Qa4 29. Qxa4 Nxa4 30. Ne3 Nc3 31. Ra1 Bb7 32. Ne1 Rd2 33. N1c2 Be4 34. Nxb4 Bxb4 35. c5 Bxc5 36. Bc4 Bxe3 37. fxe3 Rd1+ 38. Rxd1 Nxd1 0-1

[Event "FB23 2223 Karlsruher SF 1853 - SK 1980 "]
[Site "?"]
[Date "2022.10.16"]
[Round "2.6"]
[White "Pellicoro, Nathalie"]
[Black "Lerch, Cornelia"]
[Result "1-0"]
[WhiteElo "1895"]
[BlackElo "1819"]
[PlyCount "57"]
[EventDate "2022.??.??"]

1. e4 d5 2. exd5 Qxd5 3. Nc3 Qd8 4. Nf3 Nf6 5. h3 e6 6. Bc4 Be7 7. O-O O-O 8. d4 b6 9. d5 exd5 10. Nxd5 c6 11. Nxe7+ Qxe7 12. Bg5 Nbd7 13. Re1 Qc5 14. Qd4 Qxd4 15. Nxd4 c5 16. Nb5 a6 17. Nd6 b5 18. Bf1 h6 19. Bh4 g5 20. Bg3 Nd5 21. Rad1 N7f6 22. Nxc8 Raxc8 23. c4 bxc4 24. Bxc4 Nb4 25. Rd6 Rc6 26. a3 Rxd6 27. Bxd6 Nc2 28. Rc1 Rd8 29. Be7 1-0

[Event "FB23 2223 SG Augsburg 1873 - SK Freibur"]
[Site "Augsburg"]
[Date "2022.11.12"]
[Round "3.1"]
[White "Paddock, Silvia"]
[Black "Horvath, Maria"]
[Result "0-1"]
[WhiteElo "2181"]
[BlackElo "1923"]
[PlyCount "70"]
[EventDate "2022.??.??"]

1. e4 e6 2. Qe2 c5 3. c4 Nc6 4. Nf3 g6 5. Nc3 Bg7 6. d3 d6 7. Bf4 Nge7 8. Qd2 h6 9. Be2 a6 10. O-O e5 11. Bg3 f5 12. exf5 Nxf5 13. Ne1 O-O 14. Bf3 h5 15. h3 Bh6 16. Qd1 Ncd4 17. Bh2 Rb8 18. Nd5 Nxf3+ 19. Nxf3 Be6 20. Nc3 b5 21. b3 Rb7 22. Ne4 Rbf7 23. Bxe5 dxe5 24. Nxe5 Rg7 25. Nxc5 Bc8 26. Ne4 Bb7 27. c5 Qd5 28. Nf3 Nd4 29. Nh2 b4 30. g4 Bf4 31. h4 Bxh2+ 32. Kxh2 Nf3+ 33. Kh3 hxg4+ 34. Kxg4 Qf5+ 35. Kg3 Qf4+ 0-1

[Event "FB23 2223 SG Augsburg 1873 - SK Freibur"]
[Site "Augsburg"]
[Date "2022.11.12"]
[Round "3.2"]
[White "Kosc, Renata"]
[Black "Hund, Sarah"]
[Result "0-1"]
[WhiteElo "1976"]
[BlackElo "2032"]
[PlyCount "64"]
[EventDate "2022.??.??"]

1. e4 c5 2. Nf3 e6 3. d4 cxd4 4. Nxd4 Nc6 5. Nc3 Qc7 6. Be2 a6 7. O-O Nf6 8. Be3 Be7 9. f4 d6 10. Bf3 O-O 11. Nb3 b5 12. Qd2 Bb7 13. Qf2 Rac8 14. Rac1 Bd8 15. Rfe1 Ne7 16. a3 d5 17. exd5 Nexd5 18. Nxd5 Nxd5 19. Bc5 Re8 20. g3 a5 21. Bd4 Ba8 22. c3 Qd7 23. Nc5 Qc7 24. Ne4 Be7 25. Kg2 Qb7 26. b4 Rc4 27. Bc5 Rc8 28. Bxe7 Qxe7 29. Nc5 Nxf4+ 30. gxf4 Rxf4 31. Ne4 Bxe4 32. Rxe4 Rxe4 0-1

[Event "FB23 2223 SG Augsburg 1873 - SK Freibur"]
[Site "Augsburg"]
[Date "2022.11.12"]
[Round "3.3"]
[White "Hund, Barbara"]
[Black "Braun, Kristin"]
[Result "1-0"]
[WhiteElo "2059"]
[BlackElo "1886"]
[PlyCount "89"]
[EventDate "2022.??.??"]

1. e4 c5 2. Nc3 g6 3. d4 cxd4 4. Qxd4 Nf6 5. Be3 Nc6 6. Qd2 Bg7 7. f3 d6 8. Bh6 Bxh6 9. Qxh6 Be6 10. Nge2 Qa5 11. Nf4 Nd4 12. O-O-O Qc5 13. Nxe6 fxe6 14. Qd2 e5 15. Ne2 Rc8 16. Nxd4 exd4 17. Kb1 e5 18. Bd3 O-O 19. g4 Ne8 20. h4 Rf4 21. Rc1 Ng7 22. c3 Qa5 23. Qe2 dxc3 24. Bc4+ Kh8 25. Rxc3 Rcf8 26. h5 g5 27. h6 Ne8 28. Be6 R4f6 29. Bf5 Nc7 30. Qe3 Rg8 31. Rh5 Nb5 32. Rb3 Nd4 33. Rxb7 Nxf5 34. exf5 Qa6 35. Rc7 Qf1+ 36. Rc1 Qb5 37. Rxg5 Rb8 38. Qc3 Qb7 39. Rg7 Qa8 40. Qe3 Qd5 41. Rxa7 Qb5 42. b3 Rff8 43. Rcc7 Qf1+ 44. Kb2 Qg2+ 45. Ka3 1-0

[Event "FB23 2223 SG Augsburg 1873 - SK Freibur"]
[Site "Augsburg"]
[Date "2022.11.12"]
[Round "3.4"]
[White "Kurapova, Olga"]
[Black "Ehmann, Johanna"]
[Result "0-1"]
[WhiteElo "1919"]
[BlackElo "1772"]
[PlyCount "98"]
[EventDate "2022.??.??"]

1. e4 b6 2. d4 Bb7 3. Nc3 e6 4. Nf3 Bb4 5. Bd3 Nf6 6. Qe2 d5 7. e5 Ne4 8. Bd2 Bxc3 9. bxc3 h6 10. O-O Nxd2 11. Nxd2 a5 12. f4 Nd7 13. f5 Nf8 14. Rf2 Qe7 15. Raf1 O-O-O 16. fxe6 fxe6 17. Rf7 Qa3 18. Rxg7 Qxc3 19. Nf3 Rd7 20. Rg3 Rf7 21. Ba6 Kb8 22. Bxb7 Kxb7 23. Qd2 Qc4 24. c3 h5 25. Rf2 h4 26. Rg4 h3 27. g3 Nh7 28. Ne1 Rxf2 29. Kxf2 Rf8+ 30. Rf4 Ng5 31. Ke3 Rxf4 32. Kxf4 Ne4 33. Qc2 Nxc3 34. Kg4 Qxd4+ 35. Kxh3 Qxe5 36. Nf3 Qe3 37. Kg2 e5 38. g4 e4 39. Ne5 Qd4 40. Nf7 e3 41. Qf5 Qd2+ 42. Kh3 e2 43. Nd8+ Ka6 44. Qc8+ Kb5 45. Qd7+ Kb4 46. Qxc7 Qe3+ 47. Kg2 e1=N+ 48. Kh1 Qf3+ 49. Kg1 Qg2# 0-1

[Event "FB23 2223 SG Augsburg 1873 - SK Freibur"]
[Site "Augsburg"]
[Date "2022.11.12"]
[Round "3.5"]
[White "Farhadyar, Kiana"]
[Black "Nentwig, Nicole"]
[Result "0-1"]
[WhiteElo "1475"]
[BlackElo "1876"]
[PlyCount "67"]
[EventDate "2022.??.??"]

1. e4 e5 2. Nf3 Nc6 3. Bb5 a6 4. Ba4 Nf6 5. O-O Bc5 6. Re1 O-O 7. c3 d6 8. d4 exd4 9. cxd4 Bb4 10. Bd2 Bxd2 11. Nbxd2 b5 12. Bc2 Ne7 13. Nf1 Ng6 14. Ng3 c5 15. a4 Bg4 16. d5 Ne5 17. Qe2 Rb8 18. axb5 axb5 19. Ra6 Rb6 20. Rea1 Re8 21. R1a5 Nc4 22. Rxb6 Qxb6 23. Ra2 Nxd5 24. Bb3 Nb4 25. Bxc4 bxc4 26. Ra1 Nd3 27. h3 Bxf3 28. Qxf3 Qxb2 29. Ra7 Qc1+ 30. Kh2 Qf4 31. Qh5 g6 32. Qd1 Nxf2 33. Qd5 Nxe4 34. Ra3 0-1

[Event "FB23 2223 SV Stuttgart-Wolfbusch - Karl"]
[Site "Augsburg"]
[Date "2022.11.12"]
[Round "3.1"]
[White "Schmidt, Jessica"]
[Black "Li, Zhuoling"]
[Result "1/2-1/2"]
[WhiteElo "2206"]
[BlackElo "2190"]
[PlyCount "50"]
[EventDate "2022.??.??"]

1. d4 Nf6 2. Nf3 g6 3. c4 Bg7 4. Nc3 d5 5. e3 O-O 6. Be2 c5 7. dxc5 Qa5 8. O-O dxc4 9. Bxc4 Qxc5 10. Qd4 Qh5 11. e4 Nc6 12. Qe3 Bg4 13. Ne1 Rac8 14. h3 Bd7 15. Be2 Qa5 16. Bd2 a6 17. Nf3 e5 18. Rfd1 Qd8 19. Be1 Re8 20. a3 Qe7 21. Nd5 Nxd5 22. exd5 Nd4 23. Nxd4 exd4 24. Qxe7 Rxe7 25. Bf3 Ba4 1/2-1/2

[Event "FB23 2223 SV Stuttgart-Wolfbusch - Karl"]
[Site "Augsburg"]
[Date "2022.11.12"]
[Round "3.2"]
[White "Froehlich, Franziska"]
[Black "Rubina, Tatiana"]
[Result "1-0"]
[WhiteElo "1897"]
[BlackElo "2019"]
[PlyCount "49"]
[EventDate "2022.??.??"]

1. e4 e6 2. d4 d5 3. Nd2 Nf6 4. e5 Nfd7 5. Bd3 c5 6. c3 Nc6 7. Ne2 Qb6 8. Nf3 f6 9. exf6 Nxf6 10. O-O Bd6 11. Re1 O-O 12. Ng3 cxd4 13. cxd4 Bd7 14. Re2 Kh8 15. Bc2 Rac8 16. Bg5 Bb8 17. a3 Na5 18. Ne5 Bb5 19. Re1 Nc4 20. Bxf6 gxf6 21. Qh5 Qc7 22. Ng6+ Kg8 23. Nxf8 Rxf8 24. Rxe6 Nxb2 25. Nf5 1-0

[Event "FB23 2223 SV Stuttgart-Wolfbusch - Karl"]
[Site "Augsburg"]
[Date "2022.11.12"]
[Round "3.3"]
[White "Novikova, Margarita"]
[Black "Leser, Katrin"]
[Result "1-0"]
[WhiteElo "1977"]
[BlackElo "2007"]
[PlyCount "77"]
[EventDate "2022.??.??"]

1. d4 Nf6 2. Bf4 d5 3. e3 e6 4. Nf3 Be7 5. Bd3 O-O 6. Ne5 b6 7. O-O Bb7 8. Nd2 Nbd7 9. Ndf3 c5 10. c3 Ne4 11. Nxd7 Qxd7 12. Ne5 Qd8 13. f3 Nf6 14. g4 Nd7 15. Qc2 h6 16. Qg2 Nxe5 17. Bxe5 a5 18. Rad1 Ba6 19. Bxa6 Rxa6 20. Kh1 cxd4 21. exd4 b5 22. Qe2 Rb6 23. Bg3 Qd7 24. f4 f5 25. h3 b4 26. cxb4 Rxb4 27. Be1 Rb5 28. Rd3 Rfb8 29. Bc3 a4 30. Re3 Bb4 31. gxf5 exf5 32. Bxb4 Rxb4 33. Re7 Qd6 34. Rg1 Rxb2 35. Rexg7+ Kf8 36. Rg8+ Kf7 37. Qh5+ Ke7 38. R1g7+ Ke6 39. Qf7# 1-0

[Event "FB23 2223 SV Stuttgart-Wolfbusch - Karl"]
[Site "Augsburg"]
[Date "2022.11.12"]
[Round "3.4"]
[White "Kobald, Jacqueline"]
[Black "Pellicoro, Nathalie"]
[Result "1/2-1/2"]
[WhiteElo "1975"]
[BlackElo "1869"]
[PlyCount "81"]
[EventDate "2022.??.??"]

1. e4 e5 2. Nf3 Nc6 3. Bb5 a6 4. Ba4 Nf6 5. O-O Be7 6. Re1 b5 7. Bb3 d6 8. c3 O-O 9. d3 Na5 10. Bc2 c5 11. Nbd2 Re8 12. Nf1 Bf8 13. Bg5 h6 14. Bh4 g6 15. d4 cxd4 16. cxd4 Nc6 17. dxe5 Nxe5 18. Nxe5 Rxe5 19. f4 Rc5 20. e5 Qb6 21. Kh1 dxe5 22. fxe5 Ng4 23. h3 Nxe5 24. Bf2 Nc4 25. Bxc5 Qxc5 26. b3 Nd6 27. Rc1 Qg5 28. Nd2 Bb7 29. Nf3 Qh5 30. Bd3 Nf5 31. Bxf5 Qxf5 32. Rf1 Qh5 33. Qd7 Bd5 34. Rce1 Bg7 35. Kg1 Be6 36. Qc7 Rc8 37. Qb7 Rc2 38. Qb8+ Kh7 39. Qg3 Rxa2 40. Ne5 Bd5 41. Rf2 1/2-1/2

[Event "FB23 2223 SV Stuttgart-Wolfbusch - Karl"]
[Site "Augsburg"]
[Date "2022.11.12"]
[Round "3.5"]
[White "Scheynin, Julia"]
[Black "Ley, Sabrina"]
[Result "0-1"]
[WhiteElo "2002"]
[BlackElo "1856"]
[PlyCount "78"]
[EventDate "2022.??.??"]

1. e4 d5 2. exd5 Qxd5 3. Nc3 Qd6 4. Be2 Nf6 5. Nf3 a6 6. O-O c5 7. d4 e6 8. Bg5 Nbd7 9. Qd2 b5 10. Bf4 Qb6 11. dxc5 Bxc5 12. a3 Bb7 13. b4 Be7 14. Ne5 Rd8 15. Qe3 Qxe3 16. fxe3 Nxe5 17. Bxe5 Rd2 18. Rf2 O-O 19. Rc1 Rfd8 20. Nb1 R2d7 21. Bf3 Bxf3 22. gxf3 Nd5 23. Re2 Nb6 24. Bd4 Nc4 25. f4 f6 26. Kf2 e5 27. fxe5 fxe5 28. Bc3 Bg5 29. Kf3 Rf7+ 30. Kg4 Bxe3 31. Rce1 Bd4 32. Bxd4 Rxd4+ 33. Re4 Rxe4+ 34. Rxe4 Rf1 35. Nc3 Nxa3 36. Rxe5 Nxc2 37. Nd5 Rd1 38. Kf4 Rd4+ 39. Re4 Rxd5 0-1

[Event "FB23 2223 SV Stuttgart-Wolfbusch - Karl"]
[Site "Augsburg"]
[Date "2022.11.12"]
[Round "3.6"]
[White "Lang (ehe. Mijatovic), Andrea"]
[Black "Grining, Maria"]
[Result "0-1"]
[WhiteElo "1942"]
[BlackElo "1750"]
[PlyCount "52"]
[EventDate "2022.??.??"]

1. e4 d6 2. d4 Nf6 3. Nc3 Nbd7 4. Nf3 e5 5. Be2 c6 6. O-O Be7 7. b3 h6 8. Bb2 Qc7 9. Re1 g5 10. a4 Nf8 11. dxe5 dxe5 12. Bc4 Ng6 13. h3 Bd7 14. Na2 Rh7 15. Nc1 O-O-O 16. Nd3 Bd6 17. b4 g4 18. hxg4 Bxg4 19. Qc1 Bxf3 20. gxf3 Nh5 21. Kf1 Nhf4 22. b5 Qd7 23. Rd1 Qh3+ 24. Ke1 Qh1+ 25. Kd2 Qxf3 26. bxc6 Bb4+ 0-1